000 03724nam a2200361 4500
003 EC-UNACH
005 20251006102234.0
006 s||||gr|||| 00| 00
008 150116t9999 mx r gr 000 0 spa d
020 _a978-958-648-984-3
040 _aEC-UNACH
_cEC-UNACH
041 _aspa
082 0 4 _223
_a658.151.2
_bL011281
110 _aECOE EDICIONES LLTDA.
245 _aEstándares / Normas Internacionales de información financiera (IFRS/NIIF) :
_bIncluye ejercicios y estudios de casos
250 _aCuarta edición
264 _aBogotá - Colombia
_bECOE EDICIONES
_c2013
300 _a703 páginas
_bCuadros, Tablas
505 _aSección 1. Entendiendo lo básico -- Introducción -- 1. Nuevas realidades, nuevo lenguaje -- 2. Dinámica básica de los IFRS (NIIF): el nuevo proceso contable -- 3. Cómo administrar un proyecto para la implementación de los IFRS (NIIF) 4. El paso del sistema PCGA al sistema IFRS -- 5. En la publicación está la clave -- Sección 2: Los IFRS resumidos -- Introducción -- Prefacio a los estándares/normas internacionales de información financiera -- Estructura/marco conceptual para la preparación y presentación de estados financieros IFRS 1 a 13 -- IAS 1, 2, 7, 8, 10, 11, 12, 16, 17, 18, 19, 20, 21, 23, 24, 26, 27, 27(2011), 28, 28(2011) 29, 31, 32, 33, 34, 36, 37, 38, 39, 40, 41 -- IFRIC 1, 2, 4, 5, 6, 7, 9, 10, 12, 13, 14, 15, 16, 17, 18, 19, 20 -- SIC 7, 10, 15, 21, 25, 27, 29, 31, 32 -- Sección 3. El IFRS para pymes Introducción -- Preguntas analizadas -- 1. El IFRS para pymes. Definiciones básicas -- 2. Presentación de estados financieros -- 3. Instrumentos financieros -- 4. Inventarios -- 5. Inversiones -- 6. Propiedad, planta y equipo -- 7. Activos intangibles, combinaciones de negocio y plusvalía -- 8. Arrendamientos 9. Provisiones y contingencias -- 10. Pasivos y patrimonio -- 11. Ingresos ordinarios -- 12. Aplicaciones específicas -- 12.1. Subvenciones gubernamentales -- 12.2. Costos por préstamos -- 12.3. Pago basado-en-acciones -- 12.4. Deterioro del valor de los activos 12.5. Beneficios para empleados -- 12.6. Impuesto a los ingresos -- 12.7. Cambio de moneda extranjera -- 12.8. Hiperinflación -- 12.9. Eventos posteriores -- 12.10. Revelaciones sobre partes relacionadas -- 12.11. Actividades especializadas -- 13. Transición hacia el IFRS para pymes 14. Preguntas y respuestas acerca del IFRS para pymes -- Sección 4. Ejercicios -- Introducción -- 1. Selección múltiple: Entendiendo lo básico -- 1.1. Nuevas realidades, nuevo lenguaje -- 1.2. Dinámica básica de los IFRS (NIIF): el nuevo proceso contable 1.3. Cómo administrar un proyecto para la implementación de los IFRS (NIIF) -- 1.4. El paso del sistema PCGA al sistema IFRS -- 2. Selección múltiple: certificación internacional -- 3. Selección múltiple: IFRS para pymes -- 4. Selección múltiple: nuevos IFRS (2011) -- 5. Estado de posición financiera IFRS de apertura. Preparado a la fecha de la transición hacia los IFRS -- 6. Ejemplos ilustrativos: Estados financieros según el IFRS para pymes -- 7. Respuestas selección múltiple -- 8. Estudios de caso -- Caso 1. Combinaciones de negocio -- Caso 2. Activos de larga vida.
650 _aESTADOS FINANCIEROS
650 _aPASIVOS Y PATRIMONIOS
650 _aUTILIDAD O PÉRDIDA
650 _aIMPLEMENTACIÓN DE LOS IFRS
700 _aMantilla B, Samuel Alberto
700 _aPacter, Paul
700 _aPajuelo, Oscar
700 _aAngulo, Antonio José
942 _2ddc
_c1
999 _c13977